000 00891 a2200229 4500
005 20260408110625.0
008 260408b |||||||| |||| 00| 0 eng d
020 _a9788194915911 (hbk
037 _cTB
040 _aCRL
_cCRL
041 _2hin
_ahin
084 _aO152,6:g(4) R1
_qCRL
100 _aरमा
_9861944
245 _aहिन्दी साहित्य की पत्रकारिता
260 _aदिल्ली, भारत:
_bनयी किताब प्रकाशन,
_c2021.
300 _a207पृ.
365 _a450.00
_bINR
650 _aहिन्दी निबंध
650 _aहिन्दी साहित्य
942 _cTB
_2CC
_hO152,6:g(4) R1
999 _c1466913
_d1466913